000 00456cam a22001337a 4500
008 180718b1988 xxu||||| |||| 00| 0 eng d
082 _aA81x54 In2/81/11/PT9/2
100 _aCensus of India 1981
245 _aMadhya Pradesh: special tables for scheduled castes
260 _aDelhi
_bThe Controller of Publications
_c1988
300 _a1329+p.
440 _aCensus of India 1981. Series-11, Madhya Pradesh. Part IX (ii)
500 _aContents: Tables 2,3 & 4
999 _c482895
_d482895